Loading...
Fundamentals of entomology /
| Main Author: | |
|---|---|
| Format: | Printed Book |
| Language: | English |
| Published: |
New Jersy :
Prentice Hall,
1978.
|
| LEADER | 00464nam a2200133Ia 4500 | ||
|---|---|---|---|
| 008 | 150624b xxu||||| |||| 00| 0 eng d | ||
| 082 | |a 595.7 | ||
| 100 | |a Elzinga, Richard J. | ||
| 245 | |a Fundamentals of entomology / |c Richard J. Elzinga | ||
| 260 | |a New Jersy : |b Prentice Hall, |c 1978. | ||
| 300 | |a 325 p. | ||
| 942 | |c BK | ||
| 999 | |c 31419 |d 31419 | ||
| 952 | |0 0 |1 0 |4 0 |6 595_700000000000000_ELZ_F |7 0 |9 31418 |a UL |b UL |c ST1 |d 1998-09-07 |l 4 |m 1 |o 595.7 ELZ/F |p 43048 |r 2017-05-02 |s 2017-02-13 |y BK | ||